000 01056cam a2200325Ia 4500
001 46566
005 20230411085958.0
008 760430s1970 ve b 001 0 spa d
035 _a(OCoLC)ocm02150118
040 _aMKN
_cMKN
_dTJC
019 _a40837474
035 _a(OCoLC)2150118
_z(OCoLC)40837474
041 1 _aspa
_hita
090 _aBH301.M9
_bD693l 1970
049 _aGRAL
100 1 _aDorfles, Gillo,
_d1910-
240 1 0 _aEstetica del mito.
_lSpanish
245 1 3 _aLa estética del mito :
_b(de Vico a Wittgenstein) /
_cGillo Dorfles ; [versión española de Roberto J. Vernengo].
260 _aCaracas, Venezuela :
_bEditorial Tiempo Nuevo,
_c[1970]
300 _a119 p. ;
_c21 cm.
490 1 _aColección Temas contemporáneos
504 _aIncludes bibliographical references and index.
500 _aTranslation of: L'estetica del mito.
650 0 _aAesthetics.
650 0 _aMyth.
830 0 _aColección Temas contemporáneos (Caracas, Venezuela)
942 _2lcc
_cbk
994 _aC0
_bDRFGD
946 _acsexposito
999 _c110379
_d110379